Norris and Norris v Birmingham City Council (Record no. 67229)

MARC details
000 -LEADER
fixed length control field 01859cam a2200205 4500
001 - CONTROL NUMBER
control field X112939
008 - FIXED-LENGTH DATA ELEMENTS--GENERAL INFORMATION
fixed length control field 000000n2001 000 0 eng u
035 ## - SYSTEM CONTROL NUMBER
System control number (Sirsi) u112939
245 ## - TITLE STATEMENT
Title Norris and Norris v Birmingham City Council
260 ## - PUBLICATION, DISTRIBUTION, ETC.
Date of publication, distribution, etc. 2001
490 ## - SERIES STATEMENT
Series statement Rating and Valuation Reporter
Volume/sequential designation 41(4) [2001] RVR 89-91(3)
520 ## - SUMMARY, ETC.
Summary, etc. QBD 23 February 2000. CA 13 November 1997. The appellants (N) were owners of a property, occupied by tenants, and appealed against a decision of Birmingham valuation tribunal that a dwelling occupied by two persons under licence agreements was a house in multiple occasion and fell within the Council Tax (Liability for Owners) Regulations 1992 Class C (b) (i). N contended that at all times the occupants of their property had been tenants or there from a right granted by tenant W not N, and thus were not there by virtue of a licence to occupy within the meaning of Class C (b) (ii). N also contended that the tenants were joint tenants of the whole property and were liable to pay as such. The tribunal found that Class C (b) (i) was not met as the tenants were not prevented from occupying any part of the dwelling and there was no evidence of exclusivity. The tribunal also found that Class C (b) (ii) must apply as the tenancy agreement is also a licence to occupy. Appeal dismissed. It was found that the tribunal were right to conclude that the occupants of the dwelling were there according to a licence to occupy and the occupants were not liable to pay rent or a licence fee in respect of the dwelling as a whole.
650 ## - SUBJECT ADDED ENTRY--TOPICAL TERM
Topical term or geographic name entry element COUNCIL TAX
650 ## - SUBJECT ADDED ENTRY--TOPICAL TERM
Topical term or geographic name entry element HOUSES IN MULTIPLE OCCUPATION
650 ## - SUBJECT ADDED ENTRY--TOPICAL TERM
Topical term or geographic name entry element NORRIS AND NORRIS V BIRMINGHAM CC
650 ## - SUBJECT ADDED ENTRY--TOPICAL TERM
Topical term or geographic name entry element COUNCIL TAX (LIABILITY OF OWNERS) REGULATIONS 1992
650 ## - SUBJECT ADDED ENTRY--TOPICAL TERM
Topical term or geographic name entry element LICENCE AGREEMENTS
690 ## - LOCAL SUBJECT ADDED ENTRY--TOPICAL TERM (OCLC, RLIN)
Topical term or geographic name as entry element RATING AND LOCAL TAXATION-CASE LAW
942 ## - ADDED ENTRY ELEMENTS (KOHA)
Suppress in OPAC 0
Holdings
Withdrawn status Lost status Source of classification or shelving scheme Damaged status Not for loan Home library Current library Shelving location Date acquired Total Checkouts Barcode Date last seen Copy number Price effective from Koha item type
    Dewey Decimal Classification     London London Journal article 04/06/2001   112939-1001 06/08/2019 1 06/08/2019 Law report